Brazil: forsts in the balance: challenges of conservation with development (Record no. 282728)

000 -LEADER
fixed length control field 00456cam a22001337a 4500
008 - FIXED-LENGTH DATA ELEMENTS--GENERAL INFORMATION
fixed length control field 180718b2000 xxu||||| |||| 00| 0 eng d
082 ## - DEWEY DECIMAL CLASSIFICATION NUMBER
Classification number Y4x81 L538
245 ## - TITLE STATEMENT
Title Brazil: forsts in the balance: challenges of conservation with development
Statement of responsibility, etc. by Uma Lele...[et.al.]
260 ## - PUBLICATION, DISTRIBUTION, ETC.
Place of publication, distribution, etc. Washington, D.C.
Name of publisher, distributor, etc. World Bank
Date of publication, distribution, etc. 2000
300 ## - PHYSICAL DESCRIPTION
Extent 195p.
440 ## - SERIES STATEMENT/ADDED ENTRY--TITLE
Title World Bank operations evaluation department
650 ## - SUBJECT ADDED ENTRY--TOPICAL TERM
Topical term or geographic name entry element Forests and forestry - Brazil
700 ## - ADDED ENTRY--PERSONAL NAME
Personal name Lele, Uma
Holdings
Withdrawn status Lost status Damaged status Not for loan Permanent Location Current Location Date acquired Full call number Barcode Date last seen Price effective from Koha item type
        Indian Institute of Public Administration Indian Institute of Public Administration 2000-10-20 Y4x81 L538 WB8357 2018-07-20 2018-07-20 WB

Powered by Koha